000 00293nam a2200121Ia 4500
008 220204s9999 xx 000 0 und d
082 _a066.01
_bMEC
100 _aHartland, J C
245 0 _aTheory of backmixing
260 _aLondon
_bJohn Wiley
_c1975
700 _aMecklenburgh
942 _cBK
999 _c28264
_d28264